000 01088cam a2200253 a 4500
001 000010563
005 20200929162241.0
008 951017s1970 pr 000 0 spa d
040 _aDO-SdBNP
_bspa
_cBNPHU
082 _a868.99235
_bP371ó
100 1 _aPedreira, Antonio Salvador,
_d1899-1939.
_913569
245 1 0 _aObras de Antonio S. Pedreira /
_cAntonio S. Pedreira ; prólogo de Concha Meléndez.
260 _aSan Juan, (Puerto Rico) :
_bInstituto de Cultura Puertorriqueña,
_c1970.
300 _a2 v. ;
_c21 cm.
504 _aIncluye referencias bibliográficas al pie de las páginas.
505 0 _gv.1.
_tInsularismo. --
_tEl año terrible del 87. --
_tAristas. --
_tAclaraciones y críticas. --
_tTres ensayos.
_gv.2.
_tEl periodismo en Puerto Rico. --
_tHostos, ciudades de América.
650 4 _aLiteratura puertorriqueña
_9250
650 4 _aEnsayos puertorriqueños
_98892
600 1 4 _aPEDREIRA, ANTONIO SALVADOR,
_d1899-1939
_913569
700 1 _aMeléndez, Concha,
_d1895-1983,
_epról.
_925629
910 _aCatalogación por copia / LC
910 _aWM
049 _aBNGR
999 _c10321
_d10321